000 00790nam a2200181 i 4500
001 164628
003 ES-MaACL
005 20230906212955.0
008 020208s1882 sp |||| | spa d
040 _aCAM
_bspa
_cCAM
100 1 _aSánchez-Arjona, José.
_9133051
245 1 0 _aVenganza cumplida
_b: drama en tres actos y en verso /
_coriginal de José Sánchez-Arjona y Sánchez-Arjona.
260 _aMadrid :
_b[s.n.],
_c1882 (
_fimprenta de Fortanet)
300 _a74 p. ;
_c20 cm.
500 _aRepresentado en el Teatro Español el 7 de marzo de 1882.
596 _aEn verso de port. consta: "... de la Administración Lírico-Dramática de Eduardo Hidalgo ..."
852 _aES-MaACL
_jT-366-F-7
_z-- Enc. hol.
_z-- Enc. en un vol. facticio
_z.- Dedicatoria manuscrita del autor
999 _c164628
_d164628